[Event "Olympiad"]
[Site "Novi Sad (Serbia)"]
[Round "0"]
[White "Rahman Tahmidur (BAN)"]
[Black "Espinosa Rafael Mex (MEX)"]
[Result "1-0"]
[WhiteElo "2188"]
[BlackElo "2403"]

1.Nf3 Nf6 2.c4 e6 3.g3 d5 4.Bg2 Be7 5.O-O O-O 6.b3 c5 7.Bb2 Nc6 8.e3 dxc4
9.bxc4 Qd3 10.Qb3 Qf5 11.d4 cxd4 12.Nxd4 Qh5 13.Nxc6 bxc6 14.Bxc6 Ng4 15.Kg2
Qxh2+ 16.Kf3 Qh3 17.Nd2 Nh2+ 18.Ke2 Qh5+ 19.g4 Qxg4+ 20.f3 Qh5 21.Rg1 f6
22.Bxa8 Rd8 23.Rad1 Ba6 24.Be4 f5 25.Rxg7+ Kf8 26.Rdg1 Ng4 27.fxg4 Qh2+ {#r}
1-0

[Event "It (open)"]
[Site "Tampere (Finland)"]
[Round "0"]
[White "Salokangas Hannu (FIN)"]
[Black "Kastinen Riku (FIN)"]
[Result "0-1"]
[WhiteElo "2159"]
[BlackElo "2012"]

1.Nf3 Nf6 2.c4 e6 3.g3 Be7 4.Bg2 d5 5.O-O O-O 6.b3 c5 7.Bb2 Nc6 8.cxd5 Nxd5
9.Nc3 Bf6 10.Qc1 b6 11.Nxd5 exd5 12.d4 Ba6 13.Re1 Re8 14.e3 Nb4 15.Qd2 Nd3
16.Red1 Nxb2 17.Qxb2 Rc8 18.Rd2 Rc7 19.Qa3 Bb5 20.dxc5 Bxa1 {#R} 0-1

[Event "It "]
[Site "Budapest (Hungary)"]
[Round "11"]
[White "Orso Miklos (HUN)"]
[Black "Meszaros Andras (HUN)"]
[Result "1-0"]
[WhiteElo "2280"]
[BlackElo "2257"]

1.Nf3 Nf6 2.c4 e6 3.g3 d5 4.Bg2 Be7 5.O-O O-O 6.b3 dxc4 7.bxc4 Nbd7 8.Nc3 c6
9.Bb2 Rb8 10.Rb1 Qc7 11.Ba1 a6 12.a4 a5 13.d4 b6 14.Qb3 Ba6 15.Rfc1 Qd6 16.e4
Qa3 17.e5 Ne8 18.Ne4 b5 19.c5 Qxb3 20.Rxb3 bxa4 21.Ra3 Bb5 22.Bc3 Ra8 23.Nd6
Nc7 24.Be1 Nb8 25.Nd2 Rd8 26.N2e4 Ra7 27.Nc3 Ra6 28.Nxa4 Bxd6 29.cxd6 Nd5
30.Nc5 {#r} 1-0

[Event "Izt (w)"]
[Site "Subotica (Serbia)"]
[Round "0"]
[White "Litynska Marta (UKR)"]
[Black "Botsari Anna-Maria (GRE)"]
[Result "1-0"]
[WhiteElo "2326"]
[BlackElo "2313"]

1.c4 e6 2.g3 Nf6 3.Bg2 d5 4.Nf3 Be7 5.O-O c5 6.b3 O-O 7.Bb2 Nc6 8.cxd5 Nxd5
9.Nc3 Bf6 10.Qc2 Nxc3 11.Bxc3 b6 12.Ng5 Bxg5 13.Bxc6 Rb8 14.Be5 Bb7 15.Bxb8
Bxc6 16.Bf4 Bf6 17.Rad1 g5 18.Be3 Qd5 19.f3 Bb5 20.Kf2 h5 21.Rg1 Qd6 22.a4 Ba6
23.a5 Kg7 24.axb6 axb6 25.h4 gxh4 26.Qe4 Kh8 27.Bf4 Qd7 28.Be5 Qe7 29.Qf4 {#r}
1-0

[Event "It "]
[Site "Gausdal (Norway)"]
[Round "0"]
[White "Ilinsky Vladimir (KGZ)"]
[Black "Hreinsson Hlidar (ISL)"]
[Result "1-0"]
[WhiteElo "2299"]
[BlackElo "2222"]

1.Nf3 d5 2.c4 e6 3.g3 Nf6 4.Bg2 Be7 5.O-O O-O 6.b3 b6 7.Bb2 Bb7 8.e3 dxc4
9.bxc4 c5 10.d3 Nc6 11.Nc3 Qd7 12.Qe2 Rad8 13.Ne1 e5 14.Nd5 Rfe8 15.f4 Nxd5
16.cxd5 Nb4 17.e4 Bd6 18.a3 Na6 19.Qh5 f6 20.Bh3 Qe7 21.Be6+ Kh8 22.fxe5 {#r}
1-0

[Event "It (open)"]
[Site "Bad Mondorf (Germany)"]
[Round "0"]
[White "Wians Camille (LUX)"]
[Black "Flear Christine (FRA)"]
[Result "1-0"]
[WhiteElo "2143"]
[BlackElo "2112"]

1.c4 e6 2.Nf3 d5 3.g3 Nf6 4.Bg2 Be7 5.O-O O-O 6.b3 c5 7.cxd5 exd5 8.d4 Nc6
9.Bb2 Ne4 10.dxc5 Bxc5 11.e3 Bg4 12.Nc3 Nxc3 13.Bxc3 Qd7 14.Qd2 Qf5 15.Nh4 Qd7
16.Bxg7 Kxg7 17.Qc3+ Bd4 18.exd4 Rfe8 19.Rfe1 Rac8 20.Qd2 h6 21.Qf4 Be6
22.Rad1 Nb4 23.Re5 Rc2 24.a3 Nc6 25.Rh5 Rh8 26.Nf5+ Bxf5 27.Rxf5 Rd8 28.Bxd5
Rf8 29.Be4 {#r} 1-0

[Event "It (cat.8)"]
[Site "Belgrade (Yugoslavia)"]
[Round "7"]
[White "Pavlovic Milos (SRB)"]
[Black "Simic Radoslav (SRB)"]
[Result "1-0"]
[WhiteElo "2481"]
[BlackElo "2361"]

1.c4 Nf6 2.g3 e6 3.Bg2 d5 4.Nf3 Be7 5.O-O O-O 6.b3 c6 7.d4 b6 8.Qc2 Bb7 9.Nc3
Nbd7 10.Rd1 Re8 11.e4 dxe4 12.Nxe4 c5 13.Nxf6+ gxf6 14.dxc5 Qc8 15.cxb6 axb6
16.Bb2 Bc6 17.Qe2 Ba3 18.Bc3 Bf8 19.Qe3 Bg7 20.Rd6 Qc7 21.Rxc6 Qxc6 22.Ne5
{#r} 1-0

[Event "It"]
[Site "Lippstadt (Germany)"]
[Round "0"]
[White "Hickl Joerg (GER)"]
[Black "Matthias Heiner (GER)"]
[Result "1-0"]
[WhiteElo "2558"]
[BlackElo "2359"]

1.g3 Nf6 2.Bg2 d5 3.Nf3 e6 4.O-O Be7 5.c4 O-O 6.b3 b6 7.Bb2 Bb7 8.d3 c5 9.e3
Nc6 10.Qe2 Qd6 11.Nc3 Rad8 12.Rfd1 Qb8 13.cxd5 Nxd5 14.Nxd5 Rxd5 15.Bc3 Rfd8
16.Qb2 Rxd3 17.Rxd3 Rxd3 18.Bxg7 Qd8 19.Re1 f6 20.Bh6 Nb4 21.Qe2 Ba6 22.Nh4 f5
23.Qh5 Bf6 24.Bf1 Rd7 25.Bxa6 Nxa6 26.e4 fxe4 27.Rxe4 Kh8 28.Rxe6 Rd1+ 29.Kg2
Nc7 30.Rxf6 {#r} 1-0

[Event "It (open) "]
[Site "Berlin (Germany)"]
[Round "0"]
[White "Marschner Juergen (GER)"]
[Black "Padevsky Nikola (BUL)"]
[Result "1-0"]
[WhiteElo "2290"]
[BlackElo "2425"]

1.c4 Nf6 2.g3 e6 3.Bg2 d5 4.Nf3 Be7 5.O-O O-O 6.b3 c5 7.e3 Nc6 8.Bb2 b6 9.Qe2
Bb7 10.Rd1 Rc8 11.Nc3 dxc4 12.bxc4 Qc7 13.d3 a6 14.Rab1 Na7 15.Ba1 Bc6 16.a4
Rb8 17.h3 Rfd8 18.Kh2 Nd7 19.d4 Nf6 20.d5 exd5 21.cxd5 Nxd5 22.Nxd5 Rxd5
23.Nh4 Rxd1 24.Rxd1 Rd8 25.Qg4 g6 26.Nf5 Bf8 27.Rxd8 Qxd8 28.Qf4 f6 29.Qc4+
Kh8 30.Qf7 {#r} 1-0

[Event "It (open)"]
[Site "Dortmund (Germany)"]
[Round "1"]
[White "Oswald Hans-Joachim (GER)"]
[Black "Weisker Michael"]
[Result "1-0"]
[WhiteElo "2260"]
[BlackElo "2245"]

1.Nf3 Nf6 2.c4 e6 3.g3 d5 4.Bg2 Be7 5.O-O O-O 6.b3 c6 7.Bb2 Nbd7 8.Nc3 Qc7
9.Qc2 dxc4 10.bxc4 b6 11.d4 Bb7 12.Rad1 Rad8 13.e4 Ne8 14.Rfe1 Nd6 15.Nb1 f5
16.exf5 {#r} 1-0

[Event "It (open)"]
[Site "Clichy (France)"]
[Round "4"]
[White "Petursson Margeir (ISL)"]
[Black "Eustache Boris (FRA)"]
[Result "1-0"]
[WhiteElo "2520"]
[BlackElo "2168"]

1.c4 e6 2.g3 d5 3.Bg2 Nf6 4.Nf3 Be7 5.O-O O-O 6.b3 c5 7.Bb2 b6 8.d4 Bb7 9.cxd5
Nxd5 10.Nbd2 Nd7 11.Qb1 cxd4 12.Bxd4 Rc8 13.Qb2 Bf6 14.Nc4 Bxd4 15.Nxd4 Qe7
16.Nb5 a5 17.Nbd6 Rb8 18.Nxb7 Rxb7 19.Rfd1 N7f6 20.Rac1 Rbb8 21.e4 Nc7 22.Qe5
Rfc8 23.Qd6 Re8 24.Qxe7 Rxe7 25.Nxb6 g6 26.Rc6 Kg7 27.Nc4 a4 28.bxa4 Rb4 29.a5
Ra4 30.Nb6 {#r} 1-0

[Event "It (open)"]
[Site "Munich (Germany)"]
[Round "0"]
[White "Pavlovic Milos (SRB)"]
[Black "Taeger Winfried (GER)"]
[Result "1-0"]
[WhiteElo "2450"]
[BlackElo "2280"]

1.c4 e6 2.Nf3 d5 3.g3 Nf6 4.Bg2 Be7 5.O-O O-O 6.b3 Ne4 7.Bb2 Bf6 8.Qc2 Bxb2
9.Qxb2 Qf6 10.d4 c5 11.cxd5 exd5 12.Nc3 Be6 13.Nxe4 dxe4 14.Nd2 Nc6 15.Nxe4
Qxd4 16.Qc2 c4 17.Ng5 g6 18.Nxe6 fxe6 19.Rad1 cxb3 20.Qxc6 {#r} 1-0

[Event "Ch Rheinhessen"]
[Site "Wallertheim (Germany)"]
[Round "0"]
[White "Vollmar Rainer (GER)"]
[Black "Sulic Kresimir (GER)"]
[Result "1-0"]
[WhiteElo "2129"]
[BlackElo "2087"]

1.c4 e6 2.Nf3 d5 3.g3 Nf6 4.Bg2 Be7 5.O-O O-O 6.b3 c5 7.Bb2 Nc6 8.d3 dxc4
9.bxc4 Qc7 10.Nc3 a6 11.e3 Rd8 12.Ne1 Rb8 13.a4 b6 14.f4 Bb7 15.g4 Na5 16.Qe2
Bxg2 17.Kxg2 Kh8 18.g5 Ng8 19.Qh5 b5 20.axb5 axb5 21.Nxb5 Qc6+ 22.Kg1 Rxb5
23.cxb5 Qb6 24.Qxf7 Bf8 25.Rf3 {#r} 1-0

[Event "Olympiad"]
[Site "Manila (Philippines)"]
[Round "11"]
[White "Hergott Deen (CAN)"]
[Black "Schuh Franz (AUT)"]
[Result "1-0"]
[WhiteElo "2410"]
[BlackElo "2315"]

1.Nf3 Nf6 2.c4 e6 3.g3 d5 4.Bg2 Be7 5.O-O O-O 6.b3 b6 7.Bb2 Bb7 8.e3 c5 9.Nc3
Nbd7 10.Qe2 Rc8 11.Rfd1 Qc7 12.cxd5 Nxd5 13.Nxd5 Bxd5 14.e4 Bb7 15.d4 cxd4
16.Nxd4 Rfd8 17.Rac1 Qb8 18.Rxc8 Qxc8 19.Rc1 Qa8 20.Rc7 Qb8 21.Nxe6 fxe6
22.Qg4 Kf7 23.Qxg7+ Ke8 24.Bf3 Rc8 25.Bf6 {#r} 1-0

[Event "It (open)"]
[Site "Argentina"]
[Round "2"]
[White "Rios Cabello Adrian (MEX)"]
[Black "Mussanti Diego (ARG)"]
[Result "1-0"]
[WhiteElo "2219"]
[BlackElo "2296"]

1.c4 e6 2.Nf3 d5 3.g3 Nf6 4.Bg2 Be7 5.O-O O-O 6.b3 d4 7.Bb2 c5 8.b4 a5 9.bxc5
Bxc5 10.d3 Nc6 11.Nbd2 e5 12.h3 Re8 13.Nh2 Bf5 14.g4 Bg6 15.Nhf3 Nd7 16.Rb1 f5
17.gxf5 Bxf5 18.Bc1 b6 19.Nb3 Rc8 20.Ng5 h6 21.Bd5+ Kf8 22.Ne4 Bxh3 23.f4 Bxf1
24.Qxf1 Nf6 25.fxe5 Rxe5 26.Nbxc5 bxc5 27.Rb7 Rc7 28.Rxc7 Qxc7 29.Nxf6 gxf6
30.Qxf6+ Ke8 {#r} 1-0

[Event "It (open)"]
[Site "New Isenburg (Germany)"]
[Date "1992.04.26"]
[Round "9"]
[White "Hickl Joerg (GER)"]
[Black "Koutsin Sergey (UKR)"]
[Result "1-0"]
[WhiteElo "2540"]
[BlackElo "2481"]

1.g3 d5 2.Nf3 Nf6 3.Bg2 e6 4.O-O Be7 5.c4 O-O 6.b3 c6 7.Bb2 b6 8.e3 Bb7 9.d3
c5 10.Nc3 Nc6 11.Rc1 Rc8 12.Qe2 dxc4 13.bxc4 Qc7 14.Rfd1 Rfd8 15.d4 Na5 16.Nb5
Qb8 17.d5 a6 18.Be5 Qa8 19.Nc7 Qa7 20.e4 Nd7 21.Bf4 e5 22.Nxe5 Rxc7 23.Nxf7
Kxf7 24.Bxc7 {#r} 1-0

[Event "It (open)"]
[Site "Police (Poland)"]
[Round "1"]
[White "Ehrenfeucht Wojciech (POL)"]
[Black "Polowniak Jerzy (POL)"]
[Result "1-0"]
[WhiteElo "2167"]
[BlackElo "2125"]

1.Nf3 Nf6 2.c4 e6 3.g3 d5 4.Bg2 Be7 5.O-O O-O 6.b3 b6 7.Bb2 Bb7 8.e3 dxc4
9.bxc4 c5 10.Qe2 Nc6 11.Rd1 Qc7 12.Nc3 Rac8 13.Rac1 Rfd8 14.d4 Na5 15.Nb5 Qb8
16.d5 exd5 17.Be5 Qa8 18.Nc7 Rxc7 19.Bxc7 Rc8 20.cxd5 Bxd5 21.Be5 b5 22.Bxf6
Bxf6 23.Qxb5 Nb7 {#r} 1-0

[Event "It (open) "]
[Site "Nethanya (Israel)"]
[Round "4"]
[White "Bersutzki Gregory (ISR)"]
[Black "Gepstein G (RUS)"]
[Result "0-1"]
[WhiteElo "2149"]
[BlackElo "2090"]

1.Nf3 d5 2.c4 e6 3.g3 Nf6 4.Bg2 Be7 5.O-O O-O 6.b3 Nbd7 7.Bb2 b6 8.cxd5 exd5
9.Nd4 Bb7 10.Nf5 Re8 11.Nxe7+ Qxe7 12.e3 Ba6 13.Re1 Ne5 14.Ba3 c5 15.d4 Nd3
16.Bf1 Qe4 17.Nc3 Qf5 18.Bxd3 Bxd3 19.dxc5 Ng4 20.Rf1 Re6 21.Ne2 Nxh2 22.Nd4
Qe4 23.Nxe6 Nf3+ 24.Kg2 Ne1+ {#R} 0-1

[Event "It (open)"]
[Site "Wiesbaden (Germany)"]
[Round "0"]
[White "Jakel Wolfgang (GER)"]
[Black "May Frank (GER)"]
[Result "1-0"]
[WhiteElo "2204"]
[BlackElo "2134"]

1.Nf3 Nf6 2.c4 e6 3.g3 d5 4.Bg2 Be7 5.O-O O-O 6.b3 c5 7.Bb2 Nc6 8.cxd5 Nxd5
9.Nc3 Bf6 10.Qc2 Ncb4 11.Qc1 Bd7 12.a3 Rc8 13.axb4 cxb4 14.Nxd5 Rxc1 15.Nxf6+
gxf6 16.Rfxc1 a5 17.Rc4 e5 18.Rh4 Be6 19.d4 Bxb3 20.dxe5 Qb6 21.Nd4 Be6
22.exf6 Bd7 23.Be4 Re8 24.Bxh7+ Kf8 25.Bf5 Qxf6 26.Bxd7 Rxe2 27.Ne6+ {#r} 1-0

[Event "It (open)"]
[Site "Leeuwarden (Netherlands)"]
[Round "5"]
[White "Van Der Weide Karel (BEL)"]
[Black "Boersma Paulus A (NED)"]
[Result "1-0"]
[WhiteElo "2422"]
[BlackElo "2365"]

1.Nf3 Nf6 2.c4 e6 3.g3 d5 4.Bg2 Be7 5.O-O O-O 6.b3 b6 7.cxd5 exd5 8.Bb2 Bb7
9.d4 Nbd7 10.Nc3 Re8 11.Rc1 a6 12.Qc2 Bd6 13.e3 Qe7 14.Ne2 Rac8 15.Nf4 c5
16.dxc5 bxc5 17.Qf5 Qe4 18.Qh3 Bxf4 19.gxf4 Qg6 20.Nh4 Qh6 21.Nf5 Qxh3 22.Bxh3
Rc6 23.Nxg7 Rd8 24.Nf5 Rb6 25.Rfd1 d4 26.exd4 Nd5 27.dxc5 Rg6+ 28.Kf1 Kf8
29.Ba3 Bc6 30.Rxd5 {#r} 1-0

[Event "It (open)"]
[Site "Sweden"]
[Round "0"]
[White "Gustafsson Bjorn (SWE)"]
[Black "Upmark Johan (SWE)"]
[Result "1-0"]
[WhiteElo "2064"]
[BlackElo "2155"]

1.c4 Nf6 2.g3 e6 3.Bg2 d5 4.Nf3 Be7 5.O-O O-O 6.b3 b6 7.Bb2 Bb7 8.Qc2 Nbd7
9.Nc3 c5 10.cxd5 exd5 11.d4 Rc8 12.Rac1 Ne4 13.Qb1 Ndf6 14.dxc5 bxc5 15.e3 Qa5
16.Rfd1 Rfd8 17.Qa1 Bf8 18.Nh4 Qb6 19.Bh3 Rc6 20.Na4 Qa5 21.Nf3 Ba6 22.Ne5 Rc7
23.Bg2 Be2 24.Re1 Ba6 25.Nc3 Qb6 26.Red1 Rcc8 27.Nd3 Nxf2 28.Kxf2 {#r} 1-0

[Event "It (open)"]
[Site "Las Palmas (Spain)"]
[Round "0"]
[White "Todorcevic Miodrag (ESP)"]
[Black "Villavicencio Adalberto (ESP)"]
[Result "1-0"]
[WhiteElo "2480"]
[BlackElo "2324"]

1.c4 Nf6 2.g3 e6 3.Bg2 d5 4.Nf3 Be7 5.O-O O-O 6.b3 c6 7.Bb2 a5 8.Nc3 Na6 9.d4
Rb8 10.Ne5 Ne8 11.e4 f6 12.Nf3 dxc4 13.bxc4 Nd6 14.c5 Nc4 15.Bc1 b5 16.cxb6
Rxb6 17.Qe2 Nd6 18.Rd1 Nb4 19.Ne1 Nb5 20.Nxb5 cxb5 21.a3 Na6 22.Be3 Rb8 23.e5
fxe5 24.dxe5 Qe8 25.Qg4 Qf7 26.Nd3 Kh8 27.Nf4 Nc5 28.Rac1 Nd7 29.Rxc8 {#r} 1-0

[Event "It (open)"]
[Site "Muenster (Germany)"]
[Round "9"]
[White "Matthaei Alexander (GER)"]
[Black "Dittmar Peter (GER)"]
[Result "1-0"]
[WhiteElo "2270"]
[BlackElo "2286"]

1.Nf3 d5 2.c4 e6 3.g3 Nf6 4.Bg2 Be7 5.O-O O-O 6.b3 c5 7.Bb2 b6 8.d3 Bb7 9.Nbd2
Nbd7 10.Qc2 d4 11.b4 Qc7 12.b5 e5 13.a4 a5 14.e4 dxe3 15.fxe3 e4 16.Nxe4 Nxe4
17.dxe4 Bf6 18.e5 Bxe5 19.Nxe5 Bxg2 20.Nxd7 {#r} 1-0

[Event "Ch Yugoslavia (team) (qual)"]
[Site "Yugoslavia"]
[Round "3"]
[White "Janov Viktor (UKR)"]
[Black "Lazic Dragoljub (SRB)"]
[Result "1-0"]
[WhiteElo "2025"]
[BlackElo "2246"]

1.Nf3 Nf6 2.c4 e6 3.g3 d5 4.Bg2 Be7 5.O-O O-O 6.Qc2 c5 7.d3 Nc6 8.a3 d4 9.e3
e5 10.exd4 exd4 11.Bf4 Bd6 12.Bxd6 Qxd6 13.Nbd2 Re8 14.Ng5 Bf5 15.Nde4 Nxe4
16.Nxe4 Qe7 17.f4 Rac8 18.Rab1 b6 19.Qa4 Bd7 20.f5 Qe5 21.f6 Rc7 22.Rbe1 Qh5
23.fxg7 Rxe4 24.Rxe4 Ne5 25.Qc2 Ng4 26.Bf3 Qg6 27.Bxg4 Bxg4 28.Qf2 Kxg7 29.Qf4
{#r} 1-0

[Event "It (cat.4)"]
[Site "Eger (Hungary)"]
[Round "8"]
[White "Feher Gyula (HUN)"]
[Black "Vajda Albert (ROM)"]
[Result "1-0"]
[WhiteElo "2340"]
[BlackElo "2427"]

1.Nf3 d5 2.c4 e6 3.g3 Nf6 4.Bg2 Be7 5.O-O O-O 6.b3 c5 7.Bb2 Nc6 8.e3 a6 9.cxd5
exd5 10.d4 Bg4 11.dxc5 Bxc5 12.Nc3 Qd6 13.Rc1 Rad8 14.Ne2 Ba3 15.Qc2 Rc8
16.Qb1 Ne4 17.Rfd1 Bb4 18.Qa1 f6 19.Nf4 Ne7 20.h3 Rxc1 21.Rxc1 Bxf3 22.Bxf3
Ng6 23.Rd1 Nxf4 24.Bxe4 Qe6 25.Bxh7+ Kxh7 26.exf4 Qxh3 27.Rxd5 Re8 28.Bc3 Qe6
29.Rh5+ {#r} 1-0

[Event "It"]
[Site "Berlin (Germany)"]
[Round "8"]
[White "Jahnz Fabian (GER)"]
[Black "Votava Jan (CZE)"]
[Result "0-1"]
[WhiteElo "2243"]
[BlackElo "2425"]

1.Nf3 d5 2.c4 e6 3.g3 Nf6 4.Bg2 Be7 5.O-O O-O 6.b3 b6 7.Bb2 Bb7 8.d3 Nbd7
9.Nc3 Re8 10.Qc2 c5 11.Nd2 Qc7 12.e4 d4 13.Ne2 g6 14.h3 Nh5 15.f4 f5 16.e5
Bxg2 17.Kxg2 g5 18.Qd1 Ng7 19.Nf3 gxf4 20.gxf4 Nf8 21.h4 Ng6 22.Kh3 h6 23.Rg1
Kh7 24.Qf1 Nh5 25.Bc1 Rg8 26.Bd2 Qc6 27.a4 Rg7 28.Qf2 Rag8 29.Raf1 a6 30.Qe1
Ngxf4+ {#R} 0-1

[Event "Ch Finland"]
[Site "Helsinki (Finland)"]
[Round "0"]
[White "Valkesalmi Kimmo (FIN)"]
[Black "Pulkkinen Kari (FIN)"]
[Result "1-0"]
[WhiteElo "2370"]
[BlackElo "2229"]

1.Nf3 Nf6 2.c4 e6 3.g3 d5 4.Bg2 Be7 5.O-O O-O 6.b3 a5 7.Nc3 d4 8.Nb5 c5 9.e3
Nc6 10.exd4 cxd4 11.Re1 d3 12.Bb2 Bc5 13.Ne5 Nb4 14.Rf1 a4 15.Qf3 Rb8 16.Bc3
b6 17.a3 Bb7 18.axb4 Bxf3 19.Bxf3 Be7 20.Nc6 Qd7 21.Rxa4 Rb7 22.Ne5 Qc8
23.Bxb7 Qxb7 24.Ra7 Qe4 25.Rxe7 Qe2 26.f3 h5 27.Nc6 Ne4 28.Ncd4 {#r} 1-0

[Event "Bundesliga 1993/94"]
[Site "Germany"]
[Round "8"]
[White "Steinbacher Matthias Dr (GER)"]
[Black "Lobron Eric (GER)"]
[Result "0-1"]
[WhiteElo "2380"]
[BlackElo "2580"]

1.c4 Nf6 2.Nf3 e6 3.g3 d5 4.Bg2 Be7 5.O-O O-O 6.b3 c5 7.Na3 Nc6 8.d4 cxd4
9.Nxd4 Qb6 10.Nxc6 bxc6 11.cxd5 cxd5 12.Nc4 Qa6 13.Bb2 Bb7 14.Ne5 Rac8 15.Qd4
Rc2 16.Nd3 Ba3 17.Bxa3 Qxa3 18.Nb4 Rc7 19.Qf4 Rfc8 20.Nd3 Ne4 21.Bxe4 dxe4
22.Rac1 Rxc1 23.Nxc1 h6 24.Rd1 Qb2 25.Kg2 Bd5 26.Kf1 e5 27.Qe3 Rc3 28.Rxd5
Rxe3 29.fxe3 Qxc1+ 30.Kf2 Qh1 {#R} 0-1

[Event "Ch Russia"]
[Site "Elista (Russia)"]
[Round "0"]
[White "Panchenko Alexander N (RUS)"]
[Black "Potapov Alexander (RUS)"]
[Result "1-0"]
[WhiteElo "2475"]
[BlackElo "2243"]

1.Nf3 d5 2.c4 e6 3.g3 Nf6 4.Bg2 Be7 5.O-O O-O 6.b3 Nbd7 7.Bb2 b6 8.cxd5 Nxd5
9.e4 Nb4 10.a3 Nd3 11.Bc3 e5 12.b4 c5 13.Qb3 Qc7 14.Qd5 Ba6 15.Qb3 cxb4
16.axb4 Bc4 17.Qc2 Bxb4 18.Ne1 Nxe1 19.Rxe1 Be6 20.Bf1 Bc5 21.Qb2 f5 22.exf5
Bxf5 23.d4 exd4 24.Bxd4 Bxd4 25.Qxd4 Bxb1 26.Re7 {#r} 1-0

[Event "Ch Army"]
[Site "Montabaur (Germany)"]
[Round "4"]
[White "Tomann Daniel (GER)"]
[Black "Huber Armin (GER)"]
[Result "0-1"]
[WhiteElo "2055"]
[BlackElo "2345"]

1.c4 e6 2.Nf3 d5 3.g3 Nf6 4.Bg2 Be7 5.O-O O-O 6.b3 b6 7.Bb2 Bb7 8.e3 Nbd7
9.Qe2 c5 10.Na3 Rc8 11.Rac1 Qc7 12.d4 Qb8 13.Rfd1 Rfd8 14.Ne5 cxd4 15.exd4
dxc4 16.Re1 Bb4 17.Bxb7 Qxb7 18.Nxf7 Kxf7 19.Nxc4 Nf8 {#R} 0-1

[Event "Ch Hungary (team) 1993/94"]
[Site "Hungary"]
[Round "0"]
[White "Csom Istvan (HUN)"]
[Black "Toth Csaba (HUN)"]
[Result "0-1"]
[WhiteElo "2405"]
[BlackElo "2305"]

1.Nf3 Nf6 2.c4 e6 3.g3 d5 4.Bg2 Be7 5.O-O c5 6.b3 Nc6 7.e3 O-O 8.Bb2 b6 9.Nc3
Bb7 10.d3 Qd7 11.Qe2 Rad8 12.Rfd1 Rfe8 13.a3 a6 14.Rab1 d4 15.exd4 Nxd4
16.Nxd4 Bxg2 17.Nxe6 Bf8 18.Kxg2 Rxe6 19.Ne4 Be7 20.Qf3 Qc6 21.Re1 Rd7
22.Nxf6+ Bxf6 23.Qxc6 {#R} 0-1

[Event "Tournament (team)"]
[Site "Dijon (France)"]
[Round "5"]
[White "Hauchard Arnaud (FRA)"]
[Black "Pecot Laurent (FRA)"]
[Result "1-0"]
[WhiteElo "2470"]
[BlackElo "2196"]

1.c4 e6 2.Nf3 d5 3.g3 Nf6 4.Bg2 Be7 5.O-O O-O 6.b3 c5 7.Bb2 Nc6 8.e3 b6 9.Qe2
Bb7 10.d3 Qc7 11.Nc3 Rac8 12.cxd5 exd5 13.e4 dxe4 14.dxe4 Rfe8 15.Rad1 Qb8
16.e5 Bf8 17.Rfe1 Rcd8 18.Qc4 Rxd1 19.Nxd1 Nd5 20.Ng5 Na5 21.Qd3 Nf6 22.Bxb7
Qxb7 23.Ne3 h6 24.exf6 hxg5 25.fxg7 Bxg7 26.Bxg7 c4 27.bxc4 {#r} 1-0

[Event "It (open)"]
[Site "Soest (Netherlands)"]
[Round "7"]
[White "Van Der Heijden Anton (NED)"]
[Black "Helvensteijn Dennis (NED)"]
[Result "0-1"]
[WhiteElo "2302"]
[BlackElo "2217"]

1.c4 e6 2.Nf3 d5 3.g3 Nf6 4.Bg2 Be7 5.O-O O-O 6.Qc2 c5 7.d3 Nc6 8.a3 a6 9.b3
b5 10.Bb2 Bb7 11.Nbd2 Rc8 12.Rac1 Nd7 13.Qb1 Re8 14.Rfe1 Nb6 15.Qa1 Bf8
16.Red1 Qe7 17.e3 Red8 18.cxb5 axb5 19.Ne5 Nxe5 20.Bxe5 Ra8 21.Bb2 c4 22.dxc4
dxc4 23.Bxb7 Qxb7 24.bxc4 Nxc4 25.Nxc4 Rxd1+ 26.Rxd1 bxc4 27.Qc1 Qb3 28.Rd4
Rc8 29.Qa1 c3 30.Bc1 c2 {#R} 0-1

[Event "Bundesliga (2nd) South 1995/96"]
[Site "Germany"]
[Round "0"]
[White "Froehlich Peter (GER)"]
[Black "Donev Ivo (AUT)"]
[Result "0-1"]
[WhiteElo "2260"]
[BlackElo "2385"]

1.Nf3 d5 2.c4 e6 3.g3 Nf6 4.Bg2 Be7 5.O-O O-O 6.b3 b6 7.Bb2 Bb7 8.d3 c5 9.e3
Nc6 10.a3 Qc7 11.Qc2 Rad8 12.Nbd2 Rd7 13.Rac1 Rfd8 14.Rfd1 Qb8 15.cxd5 Nxd5
16.Nc4 Bf6 17.Bxf6 Nxf6 18.Qc3 h6 19.Nfe5 Nxe5 20.Nxe5 Rd6 21.Bxb7 Qxb7 22.b4
Rd5 23.e4 Nxe4 24.Qa1 Ng5 25.bxc5 bxc5 26.Rb1 Qa8 27.h4 Rxe5 28.hxg5 Rxg5
29.Qb2 Qf3 30.Qb7 Rdd5 {#R} 0-1

[Event "Ch Europe (juniors) (under 16)"]
[Site "Zagan (Poland)"]
[Round "9"]
[White "Njirjak Josip (CRO)"]
[Black "Dervishi Erald (ALB)"]
[Result "0-1"]
[WhiteElo "2220"]
[BlackElo "2310"]

1.Nf3 Nf6 2.g3 e6 3.Bg2 d5 4.O-O Be7 5.c4 O-O 6.b3 b6 7.Bb2 Bb7 8.d3 c5 9.Na3
Nc6 10.Nc2 Qc7 11.Ne3 Rad8 12.cxd5 Nxd5 13.Nxd5 Rxd5 14.Rc1 Rd7 15.Qc2 Qb8
16.Rfd1 e5 17.Qb1 Bf6 18.a3 Re8 19.Rc2 Qa8 20.Rdc1 g6 21.Bc3 Bg7 22.b4 cxb4
23.axb4 b5 24.Ng5 Nd4 25.Bxb7 Qxb7 26.Bxd4 exd4 27.Ne4 Qb8 28.Qb2 h6 29.Rc6
Kh7 30.R1c2 Rxe4 {#R} 0-1

[Event "Ch Great Britain"]
[Site "Swansea (Wales)"]
[Round "2"]
[White "Vigus James (ENG)"]
[Black "Lawton Geoffrey W (ENG)"]
[Result "0-1"]
[WhiteElo "2110"]
[BlackElo "2385"]

1.c4 e6 2.g3 d5 3.Nf3 Nf6 4.Bg2 Be7 5.O-O O-O 6.b3 a5 7.a3 d4 8.e3 c5 9.exd4
cxd4 10.d3 Nc6 11.Re1 Nd7 12.Nbd2 Nc5 13.Qc2 b6 14.Rb1 Bb7 15.b4 axb4 16.axb4
Na4 17.Ne5 Qc7 18.Nxc6 Bxc6 19.Bxc6 Qxc6 20.Nb3 Bf6 21.Bd2 h5 22.h4 Rfd8
23.Ra1 Qf3 24.Re4 Nc3 25.Bxc3 dxc3 26.Rd1 Ra2 27.Rf4 Rxc2 28.Rxf3 Rb2 29.Nc1
c2 30.Rd2 Ra8 {#R} 0-1

[Event "Ch Yugoslavia (team) (2 liga)"]
[Site "Tivat (Yugoslavia)"]
[Round "6"]
[White "Vucicevic Moma (SRB)"]
[Black "Petrovic Zarko (SRB)"]
[Result "0-1"]
[WhiteElo "2297"]
[BlackElo "2123"]

1.Nf3 e6 2.g3 d5 3.Bg2 Nf6 4.O-O Be7 5.c4 O-O 6.b3 b6 7.Bb2 Bb7 8.e3 c5 9.Nc3
Nbd7 10.d3 Rc8 11.Qe2 Qc7 12.Rad1 Rfd8 13.cxd5 Nxd5 14.Nxd5 Bxd5 15.e4 Bb7
16.d4 Nf6 17.dxc5 Qxc5 18.Rxd8+ Rxd8 19.Rc1 Qb4 20.Rc7 Bxe4 21.Rxa7 Bc5
22.Bxf6 gxf6 23.Ra4 Bxf3 24.Qxf3 Qe1+ 25.Bf1 f5 26.Qf4 h6 27.Kg2 Rd2 {#R} 0-1

[Event "Oberliga Baden 1994/95"]
[Site "Baden-Wuerttemberg (Germany)"]
[Round "0"]
[White "Loseries Uwe"]
[Black "Steckner Johannes (GER)"]
[Result "0-1"]
[WhiteElo "2080"]
[BlackElo "2245"]

1.c4 e6 2.Nf3 Nf6 3.g3 d5 4.Bg2 Be7 5.O-O O-O 6.b3 c5 7.Bb2 Nc6 8.e3 d4 9.exd4
cxd4 10.Re1 Re8 11.a3 a5 12.d3 Bf8 13.Ne5 Nxe5 14.Rxe5 Ra7 15.b4 axb4 16.axb4
Rxa1 17.Bxa1 Bxb4 18.Rb5 Bf8 19.Qb3 e5 20.Nd2 Nd7 21.Ne4 b6 22.Bb2 Ba6 23.Rd5
Bb7 24.Rxd7 Qxd7 25.Qxb6 Bxe4 26.Bxe4 Qd6 27.c5 Qxc5 {#R} 0-1

[Event "It (open)"]
[Site "St. Cugat (Spain)"]
[Round "5"]
[White "Zair Abdelkarim (MAR)"]
[Black "Colom Casasayas Oscar (ESP)"]
[Result "1-0"]
[WhiteElo "2263"]
[BlackElo "2109"]

1.Nf3 Nf6 2.c4 e6 3.g3 d5 4.Bg2 Be7 5.O-O O-O 6.b3 Nbd7 7.Bb2 c6 8.d3 b6 9.Nc3
Bb7 10.Rc1 a6 11.e3 Rc8 12.Qe2 b5 13.Rfd1 Qb6 14.d4 bxc4 15.bxc4 dxc4 16.Na4
Qb5 17.Qxc4 c5 18.dxc5 Qxc4 19.Rxc4 Nxc5 20.Bxf6 gxf6 21.Nd4 Bxg2 22.Kxg2 Ne4
23.Nc6 Kg7 24.Nb6 {#r} 1-0